El parque nacional natural chingaza / (Registro nro. 19374)

Detalles MARC
000 -CABECERA
Campo de control 01102nam a22002775a 4500
005 - FECHA Y HORA DE LA ULTIMA TRANSACCION
Campo de control 20170303124149.0
008 - ELEMENTOS DE LONGITUD FIJA—INFORMACION GENERAL
Campo de control 090923s2004 ck ab gr 000 0 spa d
020 ## - ISBN
ISBN 9583368245
040 ## - FUENTE DE CATALOGACIÓN
Agencia catalogadora original CO-BoBLA
Agencia transcriptora CO-BoBLA
Agencia Modificadora Co-BoIAvH
041 ## - IDIOMA
Código de idioma para texto/pista de sonido o título separado Español
044 ## - PAÍS DE PUBLICACIÓN
País de publicación Colombia
082 04 - NUMERO DE CLASIFICACION DECIMAL DEWEY
Número de clasificación 577.098
Número del ítem V29p
100 1# - ASIENTO PRINCIPAL--NOMBRE PERSONAL
Nombre personal Vargas Ríos, Orlando
Término relacionado autor
9 (RLIN) 3724
245 13 - MENCION DE TITULO
Título El parque nacional natural chingaza /
Mención de responsabilidad Orlando Vargas Ríos, Paola Pedraza ; fotografías Germán Amat
260 3# - PUBLICACION, DISTRIBUCION, ETC. (PIE DE IMPRENTA)
Lugar de publicación, distribución, etc. Bogotá :
Nombre del editor, distribuidor, etc. Universidad Nacional de Colombia :
-- Colciencias :
-- Convenio Unidad de Parques - Acueducto de Bogotá,
Fecha de publicación, distribución, etc. 2004.
300 ## - DESCRIPCION FISICA
Extensión 197 páginas :
Otros detalles físicos ilustraciones., mapas ;
Dimensiones 28 cm.
504 ## - NOTA DE BIBLIOGRAFIA, ETC.
Nota de bibliografía Incluye bibliografía.
650 #6 - ASIENTO SECUNDARIO DE MATERIA - TERMINO TEMATICO
Término temático o nombre geográfico como elemento de entrada Conservación de páramos.
9 (RLIN) 80219
650 #6 - ASIENTO SECUNDARIO DE MATERIA - TERMINO TEMATICO
Término temático o nombre geográfico como elemento de entrada Ecología de páramos.
9 (RLIN) 80220
650 #6 - ASIENTO SECUNDARIO DE MATERIA - TERMINO TEMATICO
Término temático o nombre geográfico como elemento de entrada Ecosistemas de páramos.
9 (RLIN) 6255
650 ## - ASIENTO SECUNDARIO DE MATERIA - TERMINO TEMATICO
Término temático o nombre geográfico como elemento de entrada Fauna de páramos.
9 (RLIN) 80221
650 ## - ASIENTO SECUNDARIO DE MATERIA - TERMINO TEMATICO
Término temático o nombre geográfico como elemento de entrada Biota de páramos
9 (RLIN) 80222
651 #6 - ASIENTO SECUNDARIO DE MATERIA - NOMBRE GEOGRAFICO
Nombre geográfico Parque Nacional Natural Chingaza (Cundinamarca, Colombia)
Subdivisión general Aspectos ecológicos.
9 (RLIN) 80223
700 1# - ASIENTO SECUNDARIO - NOMBRE PERSONAL
Nombre personal Pedraza, Paola
Término de relación autora
9 (RLIN) 80224
942 ## - ELEMENTOS ADICIONALES (KOHA)
Sistema de clasificación Dewey Decimal Classification
Tipo de ítem Libro
Existencias
Withdrawn status Lost status Sistema de Clasificación Damaged status No para préstamo Colección Inventariado Ubicación Permanente Ubicación actual Fecha de adquisición Fuente de Valor Valor Total Checkouts Número topográfico Inventario / Código de Barras Date last seen Date checked out Ejemplar Price effective from Forma de adquisición Tipo de material
    Dewey Decimal Classification     General Inventariado 2017 Bogotá Bogotá 03/03/2017 Instituto 30000.00 2 LB-577.098 V29p 042567 16/09/2019 16/09/2019 Ej. 1 03/03/2017 Donación Libro
    Dewey Decimal Classification     General Inventariado 2017 Bogotá Bogotá 03/03/2017 Instituto 30000.00   LB-577.098 V29p 042568 03/03/2017   Ej. 2 03/03/2017 Donación Libro